Malinconia (Record no. 185582)

MARC details
000 -LEADER
campo de control de longitud fija 00904nam a2200277 i 4500
001 - NÚMERO DE CONTROL
campo de control 185582
003 - IDENTIFICADOR DE NÚMERO DE CONTROL
campo de control ES-MaACL
005 - FECHA Y HORA DE LA ÚLTIMA TRANSACCIÓN
campo de control 20250812053013.0
008 - DATOS DE LONGITUD FIJA--INFORMACIÓN GENERAL
campo de control de longitud fija 160719s1999 sp a |||| | spa d
020 ## - NÚMERO INTERNACIONAL ESTÁNDAR DEL LIBRO
Número Internacional Estándar del Libro 84-7774-590-0
080 ## - NÚMERO DE LA CLASIFICACIÓN DECIMAL UNIVERSAL
Número de la Clasificación Decimal Universal 159.974(0:7)
080 ## - NÚMERO DE LA CLASIFICACIÓN DECIMAL UNIVERSAL
Número de la Clasificación Decimal Universal 7.01
100 1# - ENTRADA PRINCIPAL--NOMBRE DE PERSONA
Nombre de persona Clair, Jean.
9 (RLIN) 38971
245 10 - MENCIÓN DEL TÍTULO
Título Malinconia
Resto del título : motivos saturninos en el arte de entreguerras ; [traducción de Lydia Vázquez] /
Mención de responsabilidad, etc. Jean Clair.
260 ## - PUBLICACIÓN, DISTRIBUCIÓN, ETC.
Lugar de publicación, distribución, etc. Madrid :
Nombre del editor, distribuidor, etc. Visor,
Fecha de publicación, distribución, etc. [1999]
300 ## - DESCRIPCIÓN FÍSICA
Extensión 199 p. :
Otras características físicas il. ;
Dimensiones 24 cm.
490 1# - MENCIÓN DE SERIE
Mención de serie La balsa de la Medusa ;
Designación de volumen o secuencia 90
500 ## - NOTA GENERAL
Nota general Índices.
650 #4 - PUNTO DE ACCESO ADICIONAL DE MATERIA--TÉRMINO DE MATERIA
Término de materia o nombre geográfico como elemento de entrada Melancolía-
Subdivisión general En el arte.
9 (RLIN) 160171
650 #4 - PUNTO DE ACCESO ADICIONAL DE MATERIA--TÉRMINO DE MATERIA
Término de materia o nombre geográfico como elemento de entrada Estética-
Subdivisión cronológica S.XX.
9 (RLIN) 12540
650 #7 - PUNTO DE ACCESO ADICIONAL DE MATERIA--TÉRMINO DE MATERIA
Término de materia o nombre geográfico como elemento de entrada Arte-
Subdivisión cronológica S.XX
Fuente del encabezamiento o término
9 (RLIN) 141916
700 1# - ENTRADA AGREGADA--NOMBRE PERSONAL
Nombre de persona Vázquez, Lydia.
9 (RLIN) 113372
830 03 - PUNTO DE ACCESO ADICIONAL DE SERIE-TÍTULO UNIFORME
Título uniforme La balsa de la Medusa
Designación de volumen o secuencia 90
9 (RLIN) 178610
852 ## - LOCALIZACIÓN
Ubicación ES-MaACL
Número de control de estantería L-30455
Nota libre . - Donat. Miguel A. Velasco
Holdings
Estatus retirado Estado de pérdida Estado de daño No para préstamo Biblioteca de origen Biblioteca actual Ubicación en estantería Fecha de adquisición Fuente de adquisición Total de préstamos Signatura topográfica completa Código de barras Visto por última vez Precio de reemplazo Tipo de ítem Koha
        Biblioteca del Ateneo de Madrid Biblioteca del Ateneo de Madrid Depósito 2 19/07/2016     L-30455 1195620 23/02/2023 23/02/2023 Libro impreso